000 00285nam a22001337a 4500
008 170602b xxu||||| |||| 00| 0 eng d
020 _a9781568025803
041 _aeng
080 _23RD
_a93
100 _a17
101 _aSHH
245 _aAIR AND WARS
_cWEST, R.M
942 _2udc
_cBK
999 _c15625
_d15625